000 00781nam a2200253Ia 4500
003 OSt
005 20220918164342.0
006 a|||||r|||| 00| 0
007 ta
008 220917b |||||||| |||| 00| 0 eng d
020 _a0521637295
024 _a11,939
037 _cTextual
040 _aARTS
_cARTS
_beng
041 _2eng
_aeng
082 _aY:1.42.N9, N8
100 _aMartinez D P ed.
_918526
245 0 _aWorlds of Japanese popular culture
_b gender shifting boundaries and global cultures
260 _aCambridge
_bCambridge University Press
_c1998
300 _axi,212p.
_ccm.
650 _aPOPULAR CULTURE - JAPAN; JAPAN - CIVILIZATION; SOCIOLOGY
_918527
942 _hY:1.42.N9, N8
_cTEXL
_2CC
999 _c124423
_d124423